000 00563nam a2200217Ia 4500
008 160517s9999 xx 000 0 und d
020 _a981-4035-14-9
050 _aComSc QA 76.9
050 _b.S88K46 2001
100 _aKendall, Kenneth E.
245 _aSystems analysis and design /
245 _cKenneth E. Kendall, Julie E. Kendall
250 _a4th Edition
260 _aSingapore :
260 _bPerson Educ. Asia Pte. Ltd.,
260 _c2001
300 _aI-10 pages :
300 _bill. ;
300 _c23 cm.
500 _aIncludes index.
999 _c294114
_d294114